000 01275naa a22003377a 4500
001 BR9402460
003 BR-BrBNA
005 20250721155509.0
007 ta
008 250630b bl.|||m| |||| 00| 0 por d
040 _aBR-BrBNA
_bpor
_cBiblioteca Nacional de Agricultura
041 _a(Pt)
072 _aP10; F06
090 _aP10 BR9402460
100 1 _aManasses, E.J.
100 1 _aMachado, E.S.
100 1 _aVaine, J.L.
100 1 _aRosa, L.N. da
100 1 _aQuandt, M.R.
100 1 _aRoorda, M.S.
245 1 _aRestricoes hidro-ecologicas
500 _aPotencial de uso agricola das areas de varzea do Estado do Parana; vol. 1. Bacia hidrografica do Baixo Ivai Henklain, J.C. (coord.) Londrina, PR (Brasil): 1989. p. 72-76 (BR9402460-AMS)
773 0 _tPotencial de uso agricola das areas de varzea do Estado do Parana; vol. 1. Bacia hidrografica do Baixo Ivai
_aHenklain, J.C. (coord.). Instituto Agronomico do Parana, Londrina (Brasil)
_wP10 BR9402460
_gLondrina, PR (Brasil), 1989. p. 72-76
650 _aRecurso Hidrico
650 _aIrrigacao
650 _aDrenagem
650 _aParana
490 _aBoletim Tecnico - Instituto Agronomico do Parana (Brazil)
_vno. 24
942 _cAMS
_2AGRIS
909 _a202506
_bLúcia
_c55
_dLúcia Elande
999 _c336840
_d336840